Powerlight (Lp Cbs 25120) (Record n. 99609)
[ formato base ]
| 000 -LEADER | |
|---|---|
| fixed length control field | 02413njm a2200433Ia 4500 |
| 001 - CONTROL NUMBER | |
| control field | 20579 |
| 003 - CONTROL NUMBER IDENTIFIER | |
| control field | IT-RoPAU |
| 005 - DATE AND TIME OF LATEST TRANSACTION | |
| control field | 20220918181119.0 |
| 008 - FIXED-LENGTH DATA ELEMENTS--GENERAL INFORMATION | |
| fixed length control field | 131025s9999 xx 000 0 und d |
| 040 ## - CATALOGING SOURCE | |
| Original cataloging agency | IT-RoPAU |
| 040 ## - CATALOGING SOURCE | |
| Transcribing agency | IT-RoPAU |
| 041 ## - LANGUAGE CODE | |
| Language code of text/sound track or separate title | INGLESE |
| 999 ## - SYSTEM CONTROL NUMBERS (KOHA) | |
| Koha Dewey Subclass [OBSOLETE] | n.d. |
| 100 ## - MAIN ENTRY--PERSONAL NAME | |
| Personal name | AA.VV. |
| 9 (RLIN) | 794 |
| 100 ## - MAIN ENTRY--PERSONAL NAME | |
| Relator term | Autore musica |
| 9 (RLIN) | 2184 |
| 100 ## - MAIN ENTRY--PERSONAL NAME | |
| Miscellaneous information | Codice autore musica SPICS: 12000 |
| 9 (RLIN) | 796 |
| 245 ## - TITLE STATEMENT | |
| Title | Powerlight (Lp Cbs 25120) |
| 250 ## - EDITION STATEMENT | |
| Edition statement | 1a ed. |
| 260 ## - PUBLICATION, DISTRIBUTION, ETC. (IMPRINT) | |
| Place of publication, distribution, etc. | HOLLAND |
| 260 ## - PUBLICATION, DISTRIBUTION, ETC. (IMPRINT) | |
| Name of publisher, distributor, etc. | CBS |
| Date of publication, distribution, etc. | 1983 [1a Ed.:1983 - Ed. Lingua Orig.: 1983] |
| 300 ## - PHYSICAL DESCRIPTION | |
| Extent | DISCO |
| 300 ## - PHYSICAL DESCRIPTION | |
| Dimensions | 42 minuti (Testo: pag.) |
| 500 ## - GENERAL NOTE | |
| General note | Musica pop |
| 505 ## - FORMATTED CONTENTS NOTE | |
| Formatted contents note | Fall in Love With me (6:00) - Spread Your Love (4:00) - Side By Side (6:00) - Straight From the Heart (5:00) - The Speed of Love (4:00) - Freedom of Choice (5:00) - Something Special (5:00) - Hearts To Heart (4:00) - Miracles (5:00) |
| 511 ## - PARTICIPANT OR PERFORMER NOTE | |
| Participant or performer note | Earth Wind & Fire |
| 650 ## - SUBJECT ADDED ENTRY--TOPICAL TERM | |
| Topical term or geographic name as entry element | POP [DISCHI] |
| Relator term | Codice MATERIA SPICS: 9950 |
| 9 (RLIN) | 1001 |
| 700 ## - ADDED ENTRY--PERSONAL NAME | |
| Personal name | Earth Wind & Fire |
| Miscellaneous information | Codice interprete SPICS: 7023 |
| Relator term | Interprete |
| 9 (RLIN) | 2185 |
| 700 ## - ADDED ENTRY--PERSONAL NAME | |
| Personal name | Vaughn Wayne |
| Miscellaneous information | Codice autore musica SPICS: 23082 |
| Relator term | Autore musica |
| Name of part/section of a work | Fall in Love With Me - Side By Side - The Speed of Love - Something Special |
| 9 (RLIN) | 2186 |
| 700 ## - ADDED ENTRY--PERSONAL NAME | |
| Personal name | Vaughn Wanda |
| Miscellaneous information | Codice autore musica SPICS: 23081 |
| Relator term | Autore musica |
| Name of part/section of a work | Fall in Love With Me - Side By Side - Something Special |
| 9 (RLIN) | 2187 |
| 700 ## - ADDED ENTRY--PERSONAL NAME | |
| Personal name | White Maurice |
| Miscellaneous information | Codice autore testo/musica SPICS: 23080 |
| Relator term | Autore testo/musica |
| Name of part/section of a work | Fall in Love With me - Spread Your Love - Side By Side - Speed of Love - Freedom of Choice - Something Special - Hearts To Heart - Miracles |
| 9 (RLIN) | 2188 |
| 700 ## - ADDED ENTRY--PERSONAL NAME | |
| Personal name | Lawrence Azar |
| Miscellaneous information | Codice autore musica SPICS: 23084 |
| Relator term | Autore musica |
| Name of part/section of a work | Spread Your Love - Freedom of Choice |
| 9 (RLIN) | 2189 |
| 700 ## - ADDED ENTRY--PERSONAL NAME | |
| Personal name | Taylor Beloyd |
| Miscellaneous information | Codice autore SPICS: 23083 |
| Relator term | Codice autore SPICS: 23083 |
| Name of part/section of a work | Spread Your Love |
| 9 (RLIN) | 2190 |
| 700 ## - ADDED ENTRY--PERSONAL NAME | |
| Personal name | Seeman Roxanne |
| Miscellaneous information | Codice autore musica SPICS: 23087 |
| Relator term | Autore musica |
| Name of part/section of a work | Straight From the Heart |
| 9 (RLIN) | 2191 |
| 700 ## - ADDED ENTRY--PERSONAL NAME | |
| Personal name | Del Barrio Eddie |
| Miscellaneous information | Codice autore SPICS: 23086 |
| Relator term | Autore |
| Name of part/section of a work | Straight From the Heart |
| 9 (RLIN) | 2192 |
| 700 ## - ADDED ENTRY--PERSONAL NAME | |
| Personal name | Bailey Philip |
| Miscellaneous information | Codice autore testo/musica SPICS: 23085 |
| Relator term | Autore testo/musica |
| Name of part/section of a work | Straight From the Heart - Miracles |
| 9 (RLIN) | 2193 |
| 700 ## - ADDED ENTRY--PERSONAL NAME | |
| Personal name | Haynes Tony |
| Miscellaneous information | Codice autore musica SPICS: 23088 |
| Relator term | Autore musica |
| Name of part/section of a work | The Speed of Love |
| 9 (RLIN) | 2194 |
| 700 ## - ADDED ENTRY--PERSONAL NAME | |
| Personal name | D'Astugues Mary |
| Miscellaneous information | Codice autore musica SPICS: 23089 |
| Relator term | Autore musica |
| Name of part/section of a work | Miracles |
| 9 (RLIN) | 2195 |
| 942 ## - ADDED ENTRY ELEMENTS (KOHA) | |
| Koha item type | DISCHI |
| Source of classification or shelving scheme | Dewey Decimal Classification |
| Withdrawn status | Lost status | Damaged status | Not for loan | Home library | Current library | Date acquired | Total Checkouts | Full call number | Date last seen | Price effective from | Koha item type | Public note |
|---|---|---|---|---|---|---|---|---|---|---|---|---|
| Buone Condizioni | Not For Loan | SPICS-MEDIATECA | SPICS-MEDIATECA | 25/10/2013 | 20579 | 25/10/2013 | 25/10/2013 | DISCHI | Progr. Ins.: 3886 / N.Vol.: 1 / Copie: 1 - Copia rara: n.d. / date import: 01.01.2014 - By Epidotti, Trombetti, Vaglietti |